Slnko v duši, nádej v tebe /
Dvadsaťjedenročná Hermína, tuláčka, ktorú matka opustila ako malé dieťa, je večne na úteku. Žije na okraji spoločnosti, bez domova, bez peňazí a bez nádeje na lepší život. Jedného dňa jej v bare v Luberone skríži cestu Jo, drsne vyzerajúci šesťdesiatnik, a ponúkne jej sezónnu prácu chyžnej vo svojom...
Uloženo v:
| Hlavní autor: | |
|---|---|
| Médium: | E-kniha |
| Jazyk: | Czech |
| Vydáno: |
Praha :
Albatros Media Slovakia s.r.o.,
2021
|
| Tagy: |
Žádné tagy |
| LEADER | 01508nam a22002297i 4500 | ||
|---|---|---|---|
| 001 | 301480 | ||
| 007 | ta | ||
| 008 | 260430s2021 xr ||||| |||| 00| 0 cze d | ||
| 020 | |a 9788056624616 | ||
| 044 | |a xr | ||
| 100 | 1 | |a Martin-Lugand, Agnes |4 aut | |
| 245 | 1 | 0 | |a Slnko v duši, nádej v tebe / |c Martin-Lugand, Agnes |
| 240 | 1 | 0 | |a La Datcha |
| 264 | 1 | |a Praha : |b Albatros Media Slovakia s.r.o., |c 2021 | |
| 300 | |a 1 online zdroj (352 stran) | ||
| 336 | |a text |b txt |2 rdacontent | ||
| 337 | |a bez média |b n |2 rdamedia | ||
| 338 | |a online zdroj |b cr |2 rdacarrier | ||
| 520 | 2 | |a Dvadsaťjedenročná Hermína, tuláčka, ktorú matka opustila ako malé dieťa, je večne na úteku. Žije na okraji spoločnosti, bez domova, bez peňazí a bez nádeje na lepší život. Jedného dňa jej v bare v Luberone skríži cestu Jo, drsne vyzerajúci šesťdesiatnik, a ponúkne jej sezónnu prácu chyžnej vo svojom hoteli. Mladá žena už nemá čo stratiť, a tak ho nasleduje. Starý, impozantný a majestátny hotel, ktorému dali meno Dača, sa stane jej domovom a zmení jej život. | |
| 910 | |a RBIT002 | ||
| 998 | |d 339077 |a https://core.palmknihy.cz/api/books/339077/cover?sgozp9 |b https://core.palmknihy.cz/api/books/339077/cover/400?sgozp9 |c https://core.palmknihy.cz/api/books/339077/cover/50?sgozp9 |e 2027-04-08 |g 352 |i 9788056624616 |j https://core.palmknihy.cz/api/books/339077/preview.epub |k https://core.palmknihy.cz/api/books/339077/preview.pdf |l |q 49 |r 1 |s https://www.palmknihy.cz/kniha/339077 |t ebook |y 2021 |z 1 | ||
| 999 | |d 301478 | ||